Hollow Knight Pantheon 5 - Statistics

General Stats
  • This quiz has been taken 442 times
  • The average score is 37 of 42
Answer Stats
Original Region Boss % Correct
Greenpath Hornet Protector
99%
Kingdom's Edge Hornet Sentinel
99%
Forgotten Crossroads False Knight
94%
Soul Sanctum Soul Master
94%
Royal Waterways Dung Defender
93%
Forgotten Crossroads Gruz Mother
93%
Crystal Peak Crystal Guardian
92%
Godhome/Forgotten Crossroads Pure Vessel
92%
Godhome/Forgotten Crossroads Absolute Radiance
91%
Dirtmouth Troupe Master Grimm
91%
Fog Canyon Uumuu
91%
Greenpath Vengefly King
91%
Godhome/Deepnest Winged Nosk
91%
Ancient Basin Broken Vessel
90%
Howling Cliffs Gorb
90%
Greenpath Massive Moss Charger
90%
Godhome/Fungal Wastes Sisters of Battle
90%
Godhome Great Nailsage Sly
89%
The Hive Hive Knight
89%
Queen's Gardens Traitor Lord
89%
Royal Waterways White Defender
89%
Ancient Basin Lost Kin
88%
Dirtmouth Nightmare King Grimm
88%
Kingdom's Edge Markoth
87%
Soul Sanctum Soul Tyrant
87%
Soul Sanctum Soul Warrior
87%
Resting Grounds Xero
87%
Crystal Peak Enraged Guardian
86%
Dirtmouth Grey Prince Zote
86%
Godhome Brothers Oro & Mato
85%
Royal Waterways Flukemarm
85%
Godhome Paintmaster Sheo
85%
Forgotten Crossroads Brooding Mawlek
84%
Forgotten Crossroads Failed Champion
83%
City of Tears Watcher Knights
83%
Kingdom's Edge God Tamer
82%
Queen's Gardens Marmu
82%
Greenpath No Eyes
82%
Fungal Wastes Elder Hu
80%
Deepnest Galien
79%
Kingdom's Edge Oblobbles
78%
City of Tears The Collector
77%
No matching quizzes found
Score Distribution
Percent of People with Each Score
Percentile by Number Answered
Your Score History
You have not taken this quiz